| Record ID | marc_records_scriblio_net/part20.dat:34334508:626 |
| Source | Scriblio |
| Download Link | /show-records/marc_records_scriblio_net/part20.dat:34334508:626?format=raw |
LEADER: 00626cam 2200217 a 4500
001 88083747 //r89
003 DLC
005 19900307170500.3
008 881201s1989 caua b 00010 eng
010 $a 88083747 //r89
020 $a0898702283
040 $aDLC$cDLC$dDLC
050 00 $aBT846.2$b.K73 1989
082 00 $a236/.24$220
100 10 $aKreeft, Peter.
245 10 $aHeaven, the heart's deepest longing /$cPeter Kreeft.
250 $aExpanded ed.
260 0 $aSan Francisco :$bIgnatius Press,$cc1989.
300 $a281 p. :$bill. ;$c21 cm.
504 $aIncludes bibliographical references.
650 0 $aHeaven$xChristianity.